00565nam a2200217Ia 4500008004100000041001200041082000800053082001100061100002000072100001100092245003400103250001200137260001200149260003000161260000900191300001500200365002500215440006900240650002500309650001300334150909s9999 xx 000 0 und d aEnglish a551 bKRA/IN aKrauskopp K B  eAuthor aIntroduction tom geochemistry a2nd Ed. aNewYork bMc Graw Hill Book company c1979 a617 Pages aU.S.D.26.50  aMc Graw Hill international series in the earth planetary science aChemical equilibrium acolloids